Illicit drug use : Known encounters in the criminal justice system, educational (Record no. 15018)

MARC details
000 -LEADER
fixed length control field 00322nam a2200121Ia 4500
082 ## - DEWEY DECIMAL CLASSIFICATION NUMBER
Classification number RL.0012
100 ## - MAIN ENTRY--AUTHOR NAME
Personal name Miller, Kent S.
245 #0 - TITLE STATEMENT
Title Illicit drug use : Known encounters in the criminal justice system, educational
260 ## - PUBLICATION, DISTRIBUTION, ETC. (IMPRINT)
Year of publication 1972
300 ## - PHYSICAL DESCRIPTION
Number of Pages 175p.
942 ## - ADDED ENTRY ELEMENTS (KOHA)
Koha item type Books
Holdings
Withdrawn status Lost status Damaged status Not for loan Home library Current library Date acquired Full call number Accession Number Price effective from Koha item type
        NASSDOC Library NASSDOC Library 08/10/2004 RL.0012 6101 18/04/2019 Books